书目信息 |
| 题名: |
Windows Server 2003技术内幕
|
|
| 作者: | 博斯韦尔, 著 ;周靖 , 尤晓东 译 | |
| 分册: | 基础篇 | |
| 出版信息: | 北京 清华大学出版社 2004.09 |
|
| 页数: | 451页 | |
| 开本: | 26cm | |
| 丛书名: | 系统与安全丛书 | |
| 单 册: | ||
| 中图分类: | TP316.86 | |
| 科图分类: | ||
| 主题词: | 网络操作系统--wang luo cao zuo xi tong--Windows Server 2003 | |
| 电子资源: | ||
| ISBN: | 7-302-09519-1 | |
| 000 | 01309nam 2200325 450 | |
| 001 | 010250685422 | |
| 005 | 20051110152412.61 | |
| 010 | @a7-302-09519-1@dCNY49.00 | |
| 100 | @a20050518d2004 km y0chiy0120 ea | |
| 101 | 1 | @achi@ceng |
| 102 | @aCN@b110000 | |
| 105 | @aa z 000yy | |
| 200 | 1 | @aWindows Server 2003技术内幕@AWindows Server 2003 ji shu nei mu@i基础篇@f(美) William Boswell著@F(mei)William Boswell zhu@g周靖, 尤晓东译@Gzhou jing,you xiao dong yi |
| 210 | @a北京@c清华大学出版社@d2004.09 | |
| 215 | @a451页@c图@d26cm | |
| 225 | 2 | @a系统与安全丛书@Axi tong yu an quan cong shu |
| 306 | @a本书中文简体翻译版由Pearson Education授权清华大学出版社在中国境内出版发行 | |
| 312 | @a英文并列题名取自封面。 | |
| 314 | @a责任者规范汉译姓: 博斯韦尔 | |
| 330 | @a本书是一本全面、权威的Windows Server 2003参考手册,“基础篇”涵盖了Windows Server 2003的基础知识点。 | |
| 410 | 0 | @12001 @a系统与安全丛书 |
| 510 | 1 | @aInside Windows Server 2003@zeng |
| 517 | 1 | @a基础篇@Aji chu pian |
| 606 | 0 | @a网络操作系统@Awang luo cao zuo xi tong@xWindows Server 2003 |
| 690 | @aTP316.86@v4 | |
| 701 | 1 | @a博斯韦尔,@Abo si wei er,@bW.@g(Boswell, William)@4著 |
| 702 | 0 | @a周靖@Azhou jing@4译 |
| 702 | 0 | @a尤晓东@Ayou xiao dong@4译 |
| 801 | 0 | @aCN@bQSSK@c20051110 |
| 905 | @a10447@dTP316.86@eB959 | |
| Windows Server 2003技术内幕.基础篇/(美) William Boswell著/周靖, 尤晓东译.-北京:清华大学出版社,2004.09 |
| 451页:图;26cm.-(系统与安全丛书) |
| ISBN 7-302-09519-1:CNY49.00 |
| 本书是一本全面、权威的Windows Server 2003参考手册,“基础篇”涵盖了Windows Server 2003的基础知识点。 |
| ● |
| 相关链接 |
|
|
|
正题名:Windows Server 2003技术内幕
索取号:TP316.86/B959
 
预约/预借
| 序号 | 登录号 | 条形码 | 馆藏地/架位号 | 状态 | 备注 |
| 1 | 573253 | 205732536 | 自科库301/301自科库 58排6列4层/ [索取号:TP316.86/B959] | 在馆 | |
| 2 | 573254 | 205732545 | 自科二线504/504自科库 30排4列4层/ [索取号:TP316.86/B959] | 在馆 | |
| 3 | 573255 | 205732554 | 自科二线404/404自科库 23排2列5层/ [索取号:TP316.86/B959] | 在馆 |